"I cried, He answered". (Record no. 8803)

000 -LEADER
fixed length control field 00765nam a2200229 a 4500
001 - CONTROL NUMBER
control field :::00006582$&:&@@
003 - CONTROL NUMBER IDENTIFIER
control field OkBaRHE
005 - DATE AND TIME OF LATEST TRANSACTION
control field 20000607103332.0
008 - FIXED-LENGTH DATA ELEMENTS--GENERAL INFORMATION
fixed length control field s1918 j 000 0 eng u
040 ## - CATALOGING SOURCE
Transcribing agency
100 1# - MAIN ENTRY--PERSONAL NAME
Personal name Adams, Henry W.,
245 11 - TITLE STATEMENT
Title "I cried, He answered".
260 ## - PUBLICATION, DISTRIBUTION, ETC. (IMPRINT)
Place of publication, distribution, etc Chicago, IL., :
Name of publisher, distributor, etc Bible Institute Colportage Ass'n
Date of publication, distribution, etc c1918
300 ## - PHYSICAL DESCRIPTION
Extent 128 p. ;
Dimensions 20 cm.
650 ## - SUBJECT ADDED ENTRY--TOPICAL TERM
Topical term or geographic name as entry element Prayer
700 ## - ADDED ENTRY--PERSONAL NAME
Personal name Camp, Norman H., Joint ed.
700 ## - ADDED ENTRY--PERSONAL NAME
Personal name Norton, William, Joint ed.
700 ## - ADDED ENTRY--PERSONAL NAME
Personal name Steven, F. A., Joint ed.
942 ## - ADDED ENTRY ELEMENTS (KOHA)
Source of classification or shelving scheme
Koha item type Books
Copies
Damaged status Date last seen Barcode Withdrawn status Shelving location Date acquired Copy number Koha item type Not for loan Price effective from Source of classification or shelving scheme Permanent Location Full call number Lost status
 2010-04-146582 General Stacks2010-04-141Books 2010-04-14 RHEMA Bible Training CollegeBV 210.2 .A3 
 2010-04-1415309 General Stacks2010-04-142Books 2010-04-14 RHEMA Bible Training CollegeBV 210.2 .A3